=LDR 00000nam 2200000 4500 =001 INLIS000000000040413 =005 20130612145959 =008 ***********************************ind** =035 ##$$0010-061300000040413 =041 ##$$a ind =082 ##$$a 813 =090 ##$$a 813, Gal i =100 ##$$a GALGUT, Damon =245 ##$$a In a strangt room, danom galgut;Alih bahasa,yuliany c =260 ##$$a 2010 $b jakarta =300 ##$$a 263 Hlm, 20 cm =650 ##$$a FIKSI TERJEMAHAN =700 ##$$a YULIANY C =850 ##$$a NBPNMAT